Construyamos la iglesia hoy / (Record no. 148752)

MARC details
000 -LEADER
campo de control de longitud fija 00725nam a2200217 4500
001 - NÚMERO DE CONTROL
campo de control 148752
003 - IDENTIFICADOR DE NÚMERO DE CONTROL
campo de control ES-MaACL
005 - FECHA Y HORA DE LA ÚLTIMA TRANSACCIÓN
campo de control 20230906202804.0
007 - CAMPO FIJO DE DESCRIPCIÓN FÍSICA--INFORMACIÓN GENERAL
campo de control de longitud fija t|
008 - DATOS DE LONGITUD FIJA--INFORMACIÓN GENERAL
campo de control de longitud fija 070214s1962 sp r ||||1| spa d
100 1# - ENTRADA PRINCIPAL--NOMBRE DE PERSONA
Nombre de persona Suavet, Thomas.
9 (RLIN) 108676
245 10 - MENCIÓN DEL TÍTULO
Título Construyamos la iglesia hoy /
Mención de responsabilidad, etc. Thomas Suavet ; traducción de Juan de la Quintana Oriol, Gabriel Bascones Grijalba.
260 ## - PUBLICACIÓN, DISTRIBUCIÓN, ETC.
Lugar de publicación, distribución, etc. Madrid :
Nombre del editor, distribuidor, etc. [s. n.],
Fecha de publicación, distribución, etc. 1962 (
Fabricante Gráf. Euramerica Nebrija)
300 ## - DESCRIPCIÓN FÍSICA
Extensión 256 p. ;
Dimensiones 18 cm.
490 1# - MENCIÓN DE SERIE
Mención de serie Col. mundo mejor
700 1# - ENTRADA AGREGADA--NOMBRE PERSONAL
Nombre de persona Quintana Oriol, Juan de la.
9 (RLIN) 94692
700 1# - ENTRADA AGREGADA--NOMBRE PERSONAL
Nombre de persona Bascones Grijalba, Gabriel.
9 (RLIN) 26269
830 0# - PUNTO DE ACCESO ADICIONAL DE SERIE-TÍTULO UNIFORME
Título uniforme Col. mundo mejor
9 (RLIN) 187521
852 ## - LOCALIZACIÓN
Ubicación ES-MaACL
Número de control de estantería C-25123
Sublocalización o colección R.51218
Holdings
Estatus retirado Estado de pérdida Estado de daño No para préstamo Biblioteca de origen Biblioteca actual Ubicación en estantería Fecha de adquisición Fuente de adquisición Total de préstamos Signatura topográfica completa Código de barras Visto por última vez Precio de reemplazo Tipo de ítem Koha
        Biblioteca del Ateneo de Madrid Biblioteca del Ateneo de Madrid Depósito 2 17/01/2008     C-25123 1155232 23/02/2023 23/02/2023 Libro impreso